Elements beginning with N - Statistics

General Stats
  • This quiz has been taken 36 times
  • The average score is 5 of 8
Answer Stats
Element % Correct
Neon
88%
Nitrogen
85%
Nickel
81%
Neptunium
62%
Niobium
50%
Nobelium
42%
Nihonium
38%
Neodymium
31%
No matching quizzes found
Score Distribution
Percent of People with Each Score
Percentile by Number Answered
Your Score History
You have not taken this quiz